00329nam a2200133 a 4500008004100000020001500041050001500056100001900071245002700090250001200117260003600129300002100165350000900186120416s0000 ||||||||||||||||| || u a0901822299 aTS 192 Man aMann, Lawrence10aMaintenance management aRev ed. aNew YorkbLexington Booksc1975 axxv, 480p. : ill a0.00